00482nam a2200181Ia 4500003000500000008004100005020001800046040001900064082000700083100002000090245008500110246003700195250000700232260003000239300000900269365000800278546001400286STCL230726s9999 xx 000 0 und d a9788126404537 aSTCLcSTCLbEN 222 aSubash Chandran 0aഘടികാരങ്ങൾ നിലയ്ക്കുന്ന സമയം aKhadikarangal nilaykunna samayam a13 bD C BooksaKottayamc2022 a86 p b110 aMalayalam